Paroles - Pétunia - Werenoi - Statistiques

Statistiques générales
  • Ce quiz a été pris 241 fois
    62 depuis la dernière actualisation
  • Le résultat moyen est 331 sur 484
Statistiques - réponses
Réponse % Correct
l'
96%
je
94%
le
94%
les
91%
plus,
89%
plus
89%
plus,
89%
de
87%
De
87%
Soleil
87%
(Soleil)
87%
dans
85%
du
85%
la
85%
85%
la la
85%
loin
85%
très
85%
à
83%
a
83%
À
83%
J'suis
83%
j'suis
83%
tout
83%
jamais
81%
oreilles,
81%
cote
79%
côte
79%
il
79%
pas
79%
qu'
79%
te
79%
ils
77%
ils
77%
Ils
77%
Mais
77%
mais
77%
toutes
77%
caisses,
74%
des
74%
Des
74%
J'regarde
74%
j'regarde
74%
ventes
74%
(Ventes)
74%
y
74%
ce
72%
par
72%
rien
72%
streams,
72%
streams
72%
(Streams)
72%
d'la
70%
l'homme
70%
abattre,
68%
d'personnel
68%
d'personnel
68%
faire
68%
font
68%
que
68%
qui
68%
se
68%
sommeil
68%
(Sommeil)
68%
sur
68%
trafiquants
68%
business,
66%
dit
66%
et
66%
l'oseille
66%
millions
66%
moi
66%
RS3,
66%
RS3
66%
trois
66%
veille
66%
déçu
64%
d'être
64%
j'pense
64%
j'pense,
64%
Pétunias
64%
dessus
62%
Donc,
62%
donc,
62%
feuille
62%
J'dors
62%
j'écoute
62%
mauvais,
62%
morts
62%
peur
62%
R U E
62%
sont
62%
zéros
62%
avec
60%
C'est
60%
c'est
60%
devenu
60%
en
60%
J'fais
60%
j'fais
60%
j'sais
60%
loc'
60%
monter
60%
vais
60%
haters,
57%
combien
55%
dis
55%
film
55%
(Film)
55%
j'ai
55%
rappeur
55%
ceux
53%
jaloux
53%
J'compte
53%
j'perds
53%
parle
53%
souvent
53%
Ton
53%
veulent
53%
est
51%
fleurs
51%
qu'a
51%
regarde
51%
m'jeter
49%
pour
49%
qu'il
49%
l'année
47%
gros
45%
grosse
45%
pattes
45%
(Pattes)
45%
t'apprécies
45%
tête,
45%
d'or
43%
fais
43%
l'temps
43%
derrière
40%
deux
40%
fins
40%
pris
40%
rentrer
40%
semaine
40%
vu
40%
dimanche
38%
dimanche,
38%
j'en
38%
litrons
38%
On
38%
on
38%
tu
38%
beuh,
36%
dernière
36%
disparaître
36%
disques
36%
mois,
36%
Non
36%
part
36%
Trop
36%
trop
36%
ai
34%
déjà
34%
ne
34%
Nord
34%
perdu
34%
succès
34%
billet
32%
depuis
32%
quand
32%
roh
32%
seulement
32%
un
32%
fête
30%
hallucinant
30%
attire
28%
j'prends
28%
mangent,
28%
t'aiment
28%
traîtres,
28%
bête,
26%
j'les
26%
pleuvent,
26%
l'ingrat
23%
retient
23%
d'taff
21%
fast-track
21%
j'crains
21%
Aucun quiz correspondant
Distribution des résultats
% des personnes avec chaque résultat
Percentile par nombre de réponses
Votre historique - résultats
Vous n’avez pas pris ce quiz depuis la dernière actualisation